| 000 | 00521nam a2200097Ia 4500 | ||
|---|---|---|---|
| 008 | 170517s9999 xx 000 0 und d | ||
| 245 | _aHouse of Numbers | ||
| 300 | _aIn House of Numbers: Anatomy of an Epidemic, an AIDS film like no other, the HIV/AIDS story is being rewritten. This is the first film to present the uncensored POVs of virtually all the major players; in their own settings, in their own words. It rocks the foundation... | ||
| 650 | _xTechnology. | ||
| 856 | _uhttp://topdocumentaryfilms.com/house-numbers/ | ||
| 999 |
_c335049 _d335049 |
||